000 01877nam0a2200385 i 4500
001 RU\NLR\BIBL_A\011011514
005 20241103065805.0
010 _a9785209069683
_9500
021 _aRU
_b2016-15099
_9977
035 _a(NILC)RuMoRGB-008157337
035 _a(NLR Aleph) 011011514
090 _a11026418
_c11026418
100 _a20160317d2016 u y0rusy50 ca
101 0 _arus
102 _aRU
105 _aa|||j|||000yy
200 1 _aКачество жизни здорового и больного человека
_eучебное пособие для студентов высших учебных заведений, обучающихся по направлению подготовки 34.013.01-"Сестринское дело"
_f[И.В. Радыш и др.]
205 _a2-е изд., испр. и перераб.
210 _aМосква
_cРоссийский университет дружбы народов
_d2016
215 _a61 с.
_cил.
_d20
320 _aБиблиогр.: с. 55 (10 назв.)
606 _aБольные
_jУчебные издания для высших учебных заведений
_xКачество жизни
_92168713
_3RU\NLR\AUTH\661304703
606 1 _aКачество жизни
_jУчебные издания для высших учебных заведений
_xПсихологические исследования
_yРоссийская Федерация
_92583501
_3RU\NLR\AUTH\661527136
610 0 _aкачество жизни человека
675 _a614
686 1 _aР11(2)2я73
686 1 _aР11(2)08я73
686 1 _aС550.473я73
686 1 _aС550.54я73
702 1 _aРадыш
_bИ. В.
_gИван Васильевич
801 0 _aRU
_bРГБ
_c20160225
_gRCR
942 _cBOOK
980 _aNBR